Guide to the Law and Practice of Anti-SLAPP Proceedings (Registro nro. 172214)

Detalles MARC
000 -LEADER
fixed length control field 01760nam a22002777a 4500
007 - PHYSICAL DESCRIPTION FIXED FIELD--GENERAL INFORMATION
fixed length control field cr|||| ||||
008 - FIXED-LENGTH DATA ELEMENTS--GENERAL INFORMATION
fixed length control field 220920s2022 ca |||||s|||| 00||0 eng d
020 ## - INTERNATIONAL STANDARD BOOK NUMBER
International Standard Book Number 9781552216330
035 ## -
-- 37260
040 ## - CATALOGING SOURCE
Original cataloging agency vLex
090 ## -
-- 13978
-- 13978
100 1# - MAIN ENTRY--PERSONAL NAME
Personal name Potts, David A.
245 10 - TITLE STATEMENT
Title Guide to the Law and Practice of Anti-SLAPP Proceedings
Medium [Recurso electrónico] /
Statement of responsibility, etc David A. Potts, Erin Stoik
256 ## -
-- Servicio en línea
260 ## - PUBLICATION, DISTRIBUTION, ETC. (IMPRINT)
Place of publication, distribution, etc Toronto:
Name of publisher, distributor, etc Irwin Law Inc.,
Date of publication, distribution, etc 2022
300 ## - PHYSICAL DESCRIPTION
Extent 1 recurso electrónico
490 #0 - SERIES STATEMENT
Series statement Irwin Books
500 ## - GENERAL NOTE
General note The anti-SLAPP legislation, more formally known as section 137.1 of the Courts of Justice Act in Ontario and the Protection of Public Participation Act in British Columbia, is arguably the most influential development in Canadian defamation law in the last fifty years, aside from the advent of the internet. It appears simple in theory. It is not simple in practice. It was intended to be straightforward, swift, and inexpensive. It has become protracted, complex, and costly. Written primarily for judges and lawyers in Ontario and British Columbia who are faced with anti-SLAPP proceedings, this text presents a detailed and comprehensive analysis of anti-SLAPP legislation and proceedings
506 1# - RESTRICTIONS ON ACCESS NOTE
Terms governing access Disponible solo en los productos indicados
Authorized users vLex Global
-- vLex Global (Academic Edition, excluding Law Schools)
-- vLex Global (U.S. Academic Edition, Law Schools)
-- vLex Global (U.S. Academic Edition, excluding Law Schools)
-- vLex Global (Academic Edition, Law Schools)
650 04 - SUBJECT ADDED ENTRY--TOPICAL TERM
Topical term or geographic name as entry element Derecho Penal
Geographic subdivision Canadá
700 1# - ADDED ENTRY--PERSONAL NAME
Personal name Stoik, Erin
740 0# -
-- vLex Libros (Servicio en línea)
856 40 - LOCALIZACIÓN Y ACCESO ELECTRÓNICO
Identificador Uniforme del Recurso (URI/URL) https://app.vlex.com/#/sources/37260
942 ## -
-- RAA
999 ## -
-- 172214
-- 172214

No hay ítems disponibles.


CONTACTO


NOSOTROS


SITIOS DE INTERES

coordinacion.biblioteca.biblioteca@unienlinea.mx Misión, Visión y Objetivos Bases de datos
Directorio Bibliotecas Digitales y Repositorios
Normatividad Revistas y artículos
Convenios interbibliotecarios
Boletines



Hecho en México. Universidad Insurgentes (UIN). Todos los derechos reservados 2024. Esta página y sus contenidos pueden ser reproducidos con fines no lucrativos, siempre y cuando no se mutile, se cite la fuente completa y su dirección electrónicas. De otra forma requiere permiso previo por escrito de la institución




2024 Copyright Universidad Insurgentes | www.bibliouin.com.mx